dates clés de l'histoire - Statistiques

Statistiques générales
  • Ce quiz a été pris 374 fois
  • Le résultat moyen est 6 sur 15
Statistiques - réponses
Hint Réponse % Correct
seconde guerre mondiale (fin) 1945
95%
fin de la première guerre mondiale 1918
91%
défaite de waterloo 1815
74%
la guerre froide (début) 1946
71%
catastrophe de tchernobyl 1986
71%
libération de nelson mandela 1990
54%
bataille d'hastings 1066
42%
début de la guerre de cent ans 1337
40%
invention de l'ordinateur 1944
27%
premier tour du monde 1522
21%
invention du chewing gum 1872
14%
invention du timbre poste 1840
13%
la dernière croisade 1272
9%
évasion de casanova 1756
6%
la première pyramide - 2650
3%
Aucun quiz correspondant
Distribution des résultats
% des personnes avec chaque résultat
Percentile par nombre de réponses
Votre historique - résultats
Vous n’avez pas pris ce quiz